000 00661nam a2200229Ia 4500
003 OSt
005 20220926010057.0
006 a|||||r|||| 00| 0
007 ta
008 220923b |||||||| |||| 00| 0 eng d
037 _cGeneral Book
040 _aRTL
_cRTL
_beng
041 _2eng
_aeng
082 _aY:5.27.N8, M6
100 _aDatta Ray B Ed.
_9257463
245 0 _aPattern and problems of population in North-East India
260 _a New Delhi
_bUppal Publishing
_c1986
300 _axv,433p
_ccm.
500 _aBibliography chapterwise
942 _hY:5.27.N8, M6
_cGB
_2CC
999 _c616361
_d616361